000 01083nam a22002177a 4500
003 JO-AjAnu
005 20231128113313.0
008 231128b jo ||||| |||| 00| 0 ara d
020 _a9789957582166
040 _aJO-AjAnu
_bARA
_cJO-AjAnu
_dJO-AjAnu
041 1 _aARA
_hARA
050 _a.SF915
_bM3464 2015
100 1 _aالملاح، نزار مصطفى
_964514
_eمؤلف
245 0 _aمعجم الملاح في مصطلحات علم السموم الزراعي = Al-Mallah Dictionary of Agricultural Toxicology Terms (الجزء الثاني) /
_cنزار مصطفى الملاح
250 _aالطبعة الاولى
260 _aعمان، بغداد :
_bدار الوضاح للنشر، مكتبة دجلة للطباعة والنشر والتوزيع،
_c2015
300 _a587 صفحة
500 _aيحتوي على ملاحق يحتوي على مصادر ومراجع ثنائي اللغة
650 4 0 _aالزراعة-علم السموم-مصطلحات-معاجم
_964517
_vالزراعة-علم السموم-مصطلحات-معاجم
942 _2lcc
_cREF
_n0
999 _c33183
_d33183